000 00363nam a2200145 a 4500
003 AR-BaBNM
005 20251128202853.0
008 082120s2002 ||||||||||||||000 | spa||
040 _cAR-BaBNM
245 0 0 _aGeografía universal
_bEuropa
_n2
260 _a[S.l.]
_bJackson
_c[19--]
700 1 _aVázquez de Prada, Valentín
_edirector
942 _cBK
998 _cRhizi
999 _c967
_d967